| 000 | 00410nam a2200133Ia 4500 | ||
|---|---|---|---|
| 008 | 231129s9999||||xx |||||||||||||| ||spa|| | ||
| 020 | _a1-57189-353-9 | ||
| 040 | _bspa | ||
| 082 | _a296.16 B493L | ||
| 100 | _aBerg Yehudá | ||
| 245 | 0 | _aEl libro del hilo rojo: el poder de la protección. Tecnología para el Alma | |
| 264 | _aKabbalah Publishing | ||
| 942 |
_2ddc _cBKS |
||
| 999 |
_c11559 _d11559 |
||